| 000 | 00653nam a22002057a 4500 | ||
|---|---|---|---|
| 003 | OSt | ||
| 005 | 20260407050929.0 | ||
| 008 | 260407b |||||||| |||| 00| 0 eng d | ||
| 020 | _a978-1-032-18940 | ||
| 040 |
_aOC _cDWC-Main Lib |
||
| 082 |
_21st edition _aCirc. 540 K84u 2022 |
||
| 100 | _aKorchef, A. | ||
| 245 |
_aUnderstanding general chemistry _cKorchef, Atef |
||
| 250 | _aFirst edition | ||
| 260 |
_aBoca Raton: _b CRC Press, _cc2022. |
||
| 300 |
_axiii, 266 pages; _c28 cm. |
||
| 504 | _aIncludes index. | ||
| 650 | _a1. Chemistry. | ||
| 942 |
_2ddc _cBK-CIRC _e1st edition _hCirc. 540 K84u 2022 _kCirc. _n0 |
||
| 999 |
_c9314 _d9314 |
||